000 00760nam a2200181 a 4500
001 000039865
005 20201002033758.0
008 130725s1980 sp 000 0 spa d
020 _a8400047885
040 _aDO-SdBNP
_bspa
_cBNPHU
245 0 3 _aLa pobreza y la asistencia a los pobres en la Cataluña medieval :
_bvolumen misceláneo de estudios y documentos /
_cManuel Riu,.
260 _aBarcelona :
_bConsejo Superior de Investigaciones Científicas, Departamento de Estudios Medievales,
_c1980.
300 _a2 v. : ;
_c24 cm.
490 1 _aAnejos del Anuario de estudios medievales ;
_v9,11
500 _aIncluye referencias bibliográficas y notas al pie de las páginas
504 _aIncluye referencias bibliográficas
700 1 _aRiu, Manuel
_966068
999 _c39355
_d39355